With Empty Hands: How the Lack of Public Resources Distorts Social Work Performance

Vplyv kritického nedostatku verejných zdrojov na výkon sociálnej práce v obciach v Českej republike. Osbornov model produkcie humanitárnych služieb skúmal ako obmedzený prístup k zdrojom obmedzuje schopnosti sociálnych pracovníkov poskytovať komplexnú podporu, čo vedie k spoliehaniu sa na provizórne...

Celý popis

Uložené v:
Podrobná bibliografia
Hlavný autor: Havlíková, Jana
Ďalší autori: Hubíková, Olga
Médium: Kapitola
Jazyk:English
Predmet:
Tagy: Pridať tag
Žiadne tagy, Buďte prvý, kto otaguje tento záznam!

MARC

LEADER 00000naa a2200000 4500
001 0307991
005 20250404113008.5
041 0 |a eng 
044 |a CZ 
245 1 0 |a With Empty Hands: How the Lack of Public Resources Distorts Social Work Performance  |c Jana Havlíková, Olga Hubíková 
520 |a Vplyv kritického nedostatku verejných zdrojov na výkon sociálnej práce v obciach v Českej republike. Osbornov model produkcie humanitárnych služieb skúmal ako obmedzený prístup k zdrojom obmedzuje schopnosti sociálnych pracovníkov poskytovať komplexnú podporu, čo vedie k spoliehaniu sa na provizórne stratégie a osobné siete. Bez toho, aby sa riešil základný nedostatok externých zdrojov nevyhnutných na dosiahnutie želaných výsledkov sociálnej práce sa zodpovednosť za ich dosahovanie kladie výlučne na sociálneho pracovníka a vníma sa ako produkt výlučne jeho zručností, vedomostí a skúseností. Výskum poukazuje na systémovú povahu uvedených problémov a o širšie uznanie vplyvu dostupnosti verejných zdrojov na prax sociálnej práce, ktorý naznačuje, že politika a výskum v oblasti sociálnej práce musia tieto obmedzenia adekvátnejšie riešiť. 
610 2 0 |a práca sociálna 
610 2 0 |a pracovníci sociálni 
610 2 0 |a problémy spoločenské 
610 2 0 |a metódy riadenia 
610 2 0 |a modely rozhodovania 
610 2 0 |a politika sociálna 
610 2 0 |a financie verejné 
100 1 |a Havlíková, Jana 
700 1 |a Hubíková, Olga